Countries Starting with E and their Capitals - Statistics

General Stats
  • This quiz has been taken 54 times
  • The average score is 13 of 18
Answer Stats
Country % Correct
Ecuador
95%
Quito
90%
Estonia
85%
Ethiopia
85%
East Timor
83%
Egypt
83%
Eritrea
83%
Cairo
78%
Tallinn
78%
El Salvador
76%
San Salvador
73%
Addis Ababa
68%
Dili
66%
Eswatini
63%
Equatorial Guinea
59%
Asmara
54%
Mbabane
46%
Malabo
34%
No matching quizzes found
Score Distribution
Percent of People with Each Score
Percentile by Number Answered
Your Score History
You have not taken this quiz